Pakistan past present and future / (Record no. 186743)

000 -LEADER
fixed length control field 00899 a2200169 4500
003 - CONTROL NUMBER IDENTIFIER
control field NUST
005 - DATE AND TIME OF LATEST TRANSACTION
control field 20230209122304.0
040 ## - CATALOGING SOURCE
Transcribing agency Nust
082 ## - DEWEY DECIMAL CLASSIFICATION NUMBER
Classification number 954.91,KHA
100 ## - MAIN ENTRY--PERSONAL NAME
Personal name Khan, Sultan
9 (RLIN) 108772
245 ## - TITLE STATEMENT
Title Pakistan past present and future /
Statement of responsibility, etc. Sultan Khan
260 ## - PUBLICATION, DISTRIBUTION, ETC.
Place of publication, distribution, etc. Lahore
Name of publisher, distributor, etc. Famous book pvt limited
Date of publication, distribution, etc. 1995
300 ## - PHYSICAL DESCRIPTION
Extent 415 p.;
505 ## - FORMATTED CONTENTS NOTE
Formatted contents note Evolution and Growth of Muslim Society in Sub Continent (Page-1)Muslim Rule in sub Continent (Page-29), Movements for Reform (Page-69), Ideology of Pakistan-1 (Page-113), Ideology of Pakistan II (Page-145), Pakistan Movement I (Page-169), Pakistan Movement II (Page-215), Constitutional Development in Pakistan (Page-311), Political Development in Pakistan, Islamization in Pakistan (Page-359), Land and People of Pakistan (Page-389), Bibliography (Page-417).
650 ## - SUBJECT ADDED ENTRY--TOPICAL TERM
Topical term or geographic name entry element Pakistan past present and future
9 (RLIN) 108773
942 ## - ADDED ENTRY ELEMENTS (KOHA)
Source of classification or shelving scheme
Koha item type Book
Call number prefix 954.91,KHA
Holdings
Withdrawn status Lost status Source of classification or shelving scheme Damaged status Not for loan Permanent Location Current Location Shelving location Date acquired Total Checkouts Total Renewals Full call number Barcode Date last seen Date last checked out Price effective from Koha item type Public note
          Military College of Signals (MCS) Military College of Signals (MCS) General Stacks 12/12/2016 3 1 954.91,KHA MCS1973 06/14/2024 06/14/2024 12/12/2016 Book Almirah No.62, Shelf No.2
© 2023 Central Library, National University of Sciences and Technology. All Rights Reserved.